| 000 | 02367nam a22003137a 4500 | ||
|---|---|---|---|
| 005 | 20110629151032.0 | ||
| 010 | _aB-435708-712 | ||
| 020 |
_c15.00 _a9788184790337 |
||
| 035 | _aB-435708-712 | ||
| 037 | _bब्ल्यूबेरी बुक्स | ||
| 082 | _a954.43 | ||
| 100 |
_aअभिषेक _931006 |
||
| 245 |
_aगुजरातः भारत की झाँकी / _cअभिषेख ; भावना पंकज द्वारा अनुदित |
||
| 246 |
_a Gujarat _b by Abhisheikh |
||
| 260 |
_aनई दिल्ली _bप्रथम बुक्स _c2008 |
||
| 270 |
_aबी-3/4, प्रथम तल, सफदरज़ंग एन्क्लेव _bनई दिल्ली _e110 029 _k011-65684113 _l _mwww.prathambooks.org |
||
| 300 |
_aअ.पृ.; _c20सेमी (अजिल्द) _bसचित्र |
||
| 490 |
_a _931007 |
||
| 500 | _a | ||
| 700 |
_a _928996 |
||
| 710 |
_aजोशी, मधुबाला _928997 |
||
| 942 |
_2ddc _cCH _mअभिषे _h954.43 |
||
| 999 |
_c53389 _d53389 |
||